000 00581nam a2200229 a 4500
001 nice12345678
003 IN_TiNIC
005 20260116014129.0
008 100216s2009 newa grp 000 0 eng
020 _a9788125008101
_c295
082 0 0 _a324.245
_bCHA
100 _aChandra, Bipan
245 _aNationalism and Colonialism in Modern India
260 _aNew Delhi
_bOrient Blackswan
_c2009
300 _a402p
500 _aincludes index and biblioraphy
650 _aNationalism
700 1 _aChandra, Bipan
902 _bSRS
942 _cBK
999 _c14010
_d14010